000 00864nam a22002297a 4500
999 _c20377
_d20377
003 AR-CdUCM
008 190306b ||||| |||| 00| 0 spa d
040 _aMUNICIPALIDAD PROVINCIAL DEL CUSCO
_cBIBLIOTECA MUNICIPAL DEL CUSCO
082 _a860.9 /
_bR17
100 _aRagucci, Rodolfo M.
_911365
245 _aLiteratura española de los últimos cien años :
_b(Desde 1850) /
260 _aBuenos Aires :
_bDon Bosco,
_c1962.
300 _aXXXI,797 páginas ;
_bIlustraciones a b/n ;
_c26 cm.
500 _a[Libro re empastado].
505 _aContenido: Siglo XIX.
650 _aLiteratura española - Historia - Evolución
_911366
650 _aLiteratura española - posromanticismo
_942611
650 _aLiteratura española - Pre romántica
_911368
650 _aLiteratura española - Posromántica
_942612
942 _2ddc
_cLIBROS
945 _aAndy